000
00311nam a2200121Ia 4500
005
20251222142031.0
008
251222s9999||||xx |||||||||||||| ||spa||
082
_a
615.782.2/U59
100
_a
Unger, Tomás
245
0
_a
El Lenguaje de Las Drogas y otros Ensayos
264
_b
San Francisco S. A.
942
_c
LIB
999
_c
10963
_d
10963